000 00461nam a2200181Ia 4500
008 240925s9999 xx 000 0 und d
020 _a8176357022
082 _a658.45 ALP
100 _aAlpha - -
245 0 _aPresentation Skills: every managers desk reference services III
250 _aNA
260 _aNew Delhi:
_bTechmedia
_c,2003.
300 _ax,514p.
_bNA
_fOriginal
500 _aNA
600 _aManagement
650 _aManagement
942 _cBK
999 _c7837
_d7837